01290nab a22002297a 4500999001500000003000400015005001700019008004100036040000700077100003300084245018600117260007300303300001300376500003800389505029200427505008200719650002300801650002400824650003900848773016000887942001301047 c5621d5621OSt20251222231155.0190429b xxu||||| |||| 00| 0 spa d cPJ 96595aSarde, Sebastián M. 10aCapacidad jurídica de los penados con pena privativa de libertad por más de tres años y su intervención en juicio. Aspectos normativos y procesales /cSebastián M. Sarde.  cCiudad Autónoma de Buenos Aires :aThomson Reuters La Ley, b2025. ap. 80-85 aCita: TR LALEY AR/DOC/1253/2025.  aSumario: I. Introducción.— II. La inhabilitación a la capacidad de ejercicio impuesta por el art. 12 del Cód. Penal: evolución normativa e interpretación doctrinaria.— III. La restricción de la capacidad y su impacto en el proceso civil y comercial.— IV. Conclusión.  tSi te interesa el texto completo, solicitalo a koha@justierradelfuego.gov.ar  09343aDERECHO PENAL 092348aPROCESO PENAL 093926aRESTRICCIONES A LA CAPACIDAD0 0265893164tRevista de derecho penal y criminología. Nº 11 - Diciembre 2025dCiudad Autónoma de Buenos Aires : Thomson Reuters La Ley, 2017-x00347914 2udccANA